| 000 | 00649nam a22001817a 4500 | ||
|---|---|---|---|
| 999 |
_c130509 _d130509 |
||
| 008 | 201020b ||||| |||| 00| 0 eng d | ||
| 020 | _a9789719952411 | ||
| 050 | _aBR127.O51 v.2 | ||
| 245 |
_aSmaill Christian communities _bfresh stimulus for a forward-looking Church _cKlaus Kramer and Klaus Vellguth ed. |
||
| 260 |
_aPhilippines _bClaretian Publications _c2013 |
||
| 300 |
_axii, 354p. ; _c22cm. |
||
| 440 |
_aOne world theology _n2 _949888 |
||
| 650 |
_aChristianity and other religions _949891 |
||
| 650 |
_aMissions _xTheology _949892 |
||
| 700 |
_aKramer, Klaus ed. _949893 |
||
| 700 |
_aVellguth, Klaus ed. _949894 |
||
| 942 |
_2lcc _cMONOGRAPH |
||